<?xml version="1.0" encoding="UTF-8"?>
<record
    xmlns:xsi="http://www.w3.org/2001/XMLSchema-instance"
    xsi:schemaLocation="http://www.loc.gov/MARC21/slim http://www.loc.gov/standards/marcxml/schema/MARC21slim.xsd"
    xmlns="http://www.loc.gov/MARC21/slim">

  <leader>00597nam a22002052  4500</leader>
  <controlfield tag="001">0000020763</controlfield>
  <controlfield tag="003">OSt</controlfield>
  <controlfield tag="005">20140825165246.0</controlfield>
  <controlfield tag="008">120321s2008    xx            000 0 eng d</controlfield>
  <datafield tag="040" ind1=" " ind2=" ">
    <subfield code="a">PUL</subfield>
    <subfield code="c">PUL</subfield>
  </datafield>
  <datafield tag="050" ind1=" " ind2=" ">
    <subfield code="a">BV4211.3</subfield>
    <subfield code="b">.L93 2008</subfield>
  </datafield>
  <datafield tag="100" ind1="1" ind2=" ">
    <subfield code="a">Lybrand, Fred R.</subfield>
  </datafield>
  <datafield tag="245" ind1="1" ind2="0">
    <subfield code="a">Preaching on your feet :</subfield>
    <subfield code="b">connecting God and the audience in the preachable moment /</subfield>
    <subfield code="c">Fred R. Lybrand.</subfield>
  </datafield>
  <datafield tag="260" ind1=" " ind2=" ">
    <subfield code="a">Nashville, Tenn. :</subfield>
    <subfield code="b">B &amp; H Academic,</subfield>
    <subfield code="c">c2008.</subfield>
  </datafield>
  <datafield tag="300" ind1=" " ind2=" ">
    <subfield code="a">ix, 182  p. ;</subfield>
    <subfield code="c">23  cm.</subfield>
  </datafield>
  <datafield tag="650" ind1=" " ind2="0">
    <subfield code="a">Preaching.</subfield>
  </datafield>
  <datafield tag="650" ind1=" " ind2="0">
    <subfield code="a">Pastoral theology.</subfield>
  </datafield>
  <datafield tag="908" ind1=" " ind2=" ">
    <subfield code="a">120321</subfield>
  </datafield>
  <datafield tag="942" ind1=" " ind2=" ">
    <subfield code="2">lcc</subfield>
    <subfield code="c">BK</subfield>
  </datafield>
  <datafield tag="999" ind1=" " ind2=" ">
    <subfield code="c">19893</subfield>
    <subfield code="d">19893</subfield>
  </datafield>
  <datafield tag="952" ind1=" " ind2=" ">
    <subfield code="0">0</subfield>
    <subfield code="1">0</subfield>
    <subfield code="2">lcc</subfield>
    <subfield code="4">0</subfield>
    <subfield code="7">0</subfield>
    <subfield code="a">PUEA</subfield>
    <subfield code="b">PUEA</subfield>
    <subfield code="d">2012-12-26</subfield>
    <subfield code="l">0</subfield>
    <subfield code="o">BV4211.3 .L93 2008</subfield>
    <subfield code="p">140020001604</subfield>
    <subfield code="r">2012-12-26 00:00:00</subfield>
    <subfield code="w">2012-12-26</subfield>
    <subfield code="y">BK</subfield>
  </datafield>
</record>
